00530cam a2200205 a 4500001000800000005001700008008004100025010001700066020003700083020003100120040001800151041000800169043001200177080001300189082002000202100000700222101000800229245005700237504003000294242222120180313050601.0870713s1987 mnu b 001 0 eng  a 87019791  a0899083986 (lib. bdg.) :c$13.95 a0899083730 (pbk.) :c$6.95 aDLCcDLCdDLC aeng an-us--- a320.973 00a320.973 BEN219 a20 aSHP00aAmerican government :cDavid L. Bender, book editor. aBibliography: p. 259-264.